[Event "Hamburg HSK Christmas op"]
[Site "Hamburg"]
[Date "2022.12.28"]
[Round "3"]
[White "Chmielewski, Axel"]
[Black "Fasahat, Hossein"]
[Result "0-1"]
[WhiteElo "1918"]
[BlackElo "1591"]
[PlyCount "60"]
[EventDate "2022.12.27"]
[EventType "swiss"]
[EventRounds "7"]
[EventCountry "GER"]
[SourceTitle "EXT 2024"]
[Source "ChessBase"]
[SourceDate "2023.10.10"]
[SourceVersion "1"]
[SourceVersionDate "2023.10.10"]
[SourceQuality "1"]

1. d4 d5 2. c4 e6 3. Nf3 c5 4. cxd5 exd5 5. g3 Nc6 6. Bg2 h6 7. 0-0 Nf6 8. dxc5 Bxc5 9. Qc2 Bb6 10. a3 0-0 11. e3 Be6 12. b4 Rc8 13. Qe2 Re8 14. Bb2 Ne4 15. Nbd2 Bg4 16. h3 Bh5 17. Kh2 f6 18. Rad1 Qe7 19. Rfe1 Qf7 20. g4 Bg6 21. Nh4 Bh7 22. Nxe4 dxe4 23. Nf5 Bc7+ 24. Kh1 Bxf5 25. gxf5 Kh8 26. f3 exf3 27. Bxf3 Qe7 28. Bd5 Bb6 29. Be6 Rc7 30. Rd3 Nd8 0-1

[Event "Hamburg HSK Christmas op"]
[Site "Hamburg"]
[Date "2022.12.27"]
[Round "2"]
[White "Ertan, Can"]
[Black "Chmielewski, Axel"]
[Result "1-0"]
[WhiteElo "2352"]
[BlackElo "1918"]
[PlyCount "77"]
[EventDate "2022.12.27"]
[EventType "swiss"]
[EventRounds "7"]
[EventCountry "GER"]
[SourceTitle "EXT 2024"]
[Source "ChessBase"]
[SourceDate "2023.10.10"]
[SourceVersion "1"]
[SourceVersionDate "2023.10.10"]
[SourceQuality "1"]

1. e4 e6 2. d4 d5 3. Nc3 Bb4 4. e5 c5 5. a3 Bxc3+ 6. bxc3 Qc7 7. Qg4 Ne7 8. Qxg7 Rg8 9. Qxh7 cxd4 10. Ne2 Qxe5 11. cxd4 Qf5 12. Qxf5 Nxf5 13. Bf4 Bd7 14. Rb1 Bc6 15. g3 Nd7 16. Bh3 Ne7 17. Bd6 Ng6 18. Nf4 Nxf4 19. Bxf4 Nf6 20. 0-0 Ne4 21. Rfe1 Rh8 22. Bg2 Nc3 23. Rb4 Kd7 24. Be5 Rh6 25. Re3 Na4 26. Rf3 Ke7 27. Bf4 Rh7 28. Bg5+ Kd7 29. Bf1 Rg8 30. h4 Rxg5 31. hxg5 Nb6 32. Bd3 Rg7 33. Rf6 Ke7 34. f4 Nd7 35. Rh6 a6 36. Rb1 f6 37. Re1 e5 38. gxf6+ Nxf6 39. dxe5 1-0

[Event "Hamburg-ch Seniors 65+ op 26th"]
[Site "Hamburg"]
[Date "2019.11.18"]
[Round "8"]
[White "Krotofil, Kurt"]
[Black "Chmielewski, Axel"]
[Result "1/2-1/2"]
[WhiteElo "1864"]
[BlackElo "1771"]
[PlyCount "118"]
[EventDate "2019.11.11"]
[EventType "swiss"]
[EventRounds "9"]
[EventCountry "GER"]
[SourceTitle "EXT 2022"]
[Source "ChessBase"]
[SourceDate "2021.10.06"]
[SourceVersion "1"]
[SourceVersionDate "2021.10.06"]
[SourceQuality "1"]

1. d4 Nf6 2. c4 e6 3. Bg5 Bb4+ 4. Nd2 h6 5. Bxf6 Qxf6 6. e3 b6 7. Ngf3 Bb7 8. Be2 0-0 9. 0-0 Bxd2 10. Qxd2 d6 11. Rac1 Nd7 12. Rfd1 Rfe8 13. b4 Rad8 14. Qc3 c5 15. b5 cxd4 16. exd4 Rc8 17. Qa3 Qe7 18. Ne1 Rc7 19. Nc2 Rec8 20. Ne1 Nf6 21. Rc2 Be4 22. Rc3 Qf8 23. f3 Ba8 24. Rdc1 Qd8 25. Nd3 Nh5 26. g3 g6 27. f4 Ng7 28. Nf2 Nf5 29. Rd1 h5 30. c5 Qf6 31. c6 Nxd4 32. Bf1 d5 33. Qb4 Nf5 34. Rcd3 a5 35. Qb3 Nd6 36. a4 Kf8 37. Qc3 Qxc3 38. Rxc3 Ke7 39. Bg2 Rd8 40. Re3 Kf8 41. Nd3 Nf5 42. Ree1 Ne7 43. Ne5 Kg7 44. Rc1 Kg8 45. Nd7 Rcxd7 46. cxd7 Rxd7 47. Rc2 Kf8 48. Rec1 Ke8 49. Rc7 Kd8 50. Rxd7+ Kxd7 51. Kf2 Nf5 52. h3 Nd4 53. Rc3 Nf5 54. g4 hxg4 55. hxg4 Nd6 56. Rh3 Bb7 57. Rh7 Ke7 58. Ke2 Nc4 59. Rh8 Nd6 1/2-1/2

[Event "Hamburg-ch Seniors 65+ op 26th"]
[Site "Hamburg"]
[Date "2019.11.16"]
[Round "6"]
[White "Porth, Hartmut"]
[Black "Chmielewski, Axel"]
[Result "1-0"]
[WhiteElo "1992"]
[BlackElo "1771"]
[PlyCount "113"]
[EventDate "2019.11.11"]
[EventType "swiss"]
[EventRounds "9"]
[EventCountry "GER"]
[SourceTitle "EXT 2022"]
[Source "ChessBase"]
[SourceDate "2021.10.06"]
[SourceVersion "1"]
[SourceVersionDate "2021.10.06"]
[SourceQuality "1"]

1. g3 Nf6 2. Bg2 g6 3. d3 d5 4. Nf3 Bg7 5. 0-0 0-0 6. Nc3 c6 7. Bd2 Re8 8. Qc1 Nbd7 9. e4 dxe4 10. dxe4 e5 11. Rd1 Qc7 12. Ne1 Nf8 13. f3 Be6 14. Be3 Red8 15. Rxd8 Rxd8 16. Nd3 b6 17. Bf1 Bc4 18. a4 Ne6 19. Nc5 bxc5 20. Bxc4 Nd4 21. Kg2 Ne8 22. Nb1 Nd6 23. Bf1 Qe7 24. Nd2 Rb8 25. c3 Ne6 26. Qc2 f5 27. Nc4 fxe4 28. fxe4 Nf7 29. Rd1 Rd8 30. Rxd8+ Qxd8 31. Qd3 Qc7 32. Be2 h5 33. Qd2 Bf8 34. Na3 Kg7 35. Bc4 Qc8 36. h4 Be7 37. Qe2 Nh6 38. Ba6 Qf8 39. Qf2 Bf6 40. Qd2 Ng4 41. Qd7+ Qf7 42. Qxf7+ Kxf7 43. Bg1 g5 44. Nc4 gxh4 45. Nd6+ Kf8 46. Bc8 h3+ 47. Kxh3 Ng5+ 48. Kg2 Bd8 49. Bf5 Bb6 50. Nc4 Bc7 51. Bxc5+ Kf7 52. Bxa7 Nf6 53. Nd2 Bd6 54. b4 Ke7 55. Be3 Bc7 56. a5 Kd8 57. Nc4 1-0

[Event "Hamburg-ch Seniors 65+ op 26th"]
[Site "Hamburg"]
[Date "2019.11.15"]
[Round "5"]
[White "Kornrumpf, Joachim"]
[Black "Chmielewski, Axel"]
[Result "1-0"]
[WhiteElo "2095"]
[BlackElo "1771"]
[PlyCount "97"]
[EventDate "2019.11.11"]
[EventType "swiss"]
[EventRounds "9"]
[EventCountry "GER"]
[SourceTitle "EXT 2022"]
[Source "ChessBase"]
[SourceDate "2021.10.06"]
[SourceVersion "1"]
[SourceVersionDate "2021.10.06"]
[SourceQuality "1"]

1. e3 Nf6 2. c4 c5 3. b3 g6 4. Bb2 Bg7 5. Nf3 d6 6. Be2 0-0 7. 0-0 b6 8. d3 Bb7 9. Qc2 e6 10. a3 a5 11. Nbd2 Nbd7 12. Rfd1 e5 13. Ne4 Qe7 14. Nc3 d5 15. cxd5 Nxd5 16. Nxd5 Bxd5 17. Nd2 Rac8 18. Rac1 Rfd8 19. Bf1 Bb7 20. Qb1 Qg5 21. Ne4 Qe7 22. Bc3 f5 23. Nd2 Qg5 24. Nc4 Qe7 25. Qb2 Bd5 26. Re1 Bf7 27. f4 Re8 28. Rcd1 Rcd8 29. Kh1 Bf6 30. fxe5 Bxe5 31. Bxe5 Nxe5 32. h3 Nd7 33. Qc3 Bd5 34. Kg1 Qg5 35. e4 fxe4 36. dxe4 Bc6 37. Nd6 Re6 38. Bc4 Nf8 39. Qf3 Qe7 40. Bxe6+ Qxe6 41. Nc4 Rxd1 42. Qxd1 Bb7 43. Qd6 Qxd6 44. Nxd6 Ba6 45. Nc4 Bxc4 46. bxc4 Nd7 47. e5 Kf8 48. e6 Nf6 49. Rb1 1-0

[Event "Hamburg-ch Seniors 65+ op 26th"]
[Site "Hamburg"]
[Date "2019.11.11"]
[Round "1"]
[White "Chmielewski, Axel"]
[Black "Lohkamp, Rolf"]
[Result "1-0"]
[WhiteElo "1771"]
[BlackElo "1462"]
[PlyCount "71"]
[EventDate "2019.11.11"]
[EventType "swiss"]
[EventRounds "9"]
[EventCountry "GER"]
[SourceTitle "EXT 2022"]
[Source "ChessBase"]
[SourceDate "2021.10.06"]
[SourceVersion "1"]
[SourceVersionDate "2021.10.06"]
[SourceQuality "1"]

1. d4 d5 2. c4 Nf6 3. cxd5 Nxd5 4. e4 Nb6 5. Nc3 e6 6. Nf3 Bb4 7. Be3 0-0 8. Bd3 Na6 9. 0-0 c5 10. Rc1 cxd4 11. Bxd4 Bc5 12. Ne2 Nd7 13. Bc3 b6 14. Qa4 Nc7 15. Rfd1 a5 16. Bb1 b5 17. Qc2 b4 18. Be5 Na6 19. Bg3 f6 20. e5 f5 21. Qa4 Qe8 22. Qb3 Nc7 23. Rxd7 Bxd7 24. Rxc5 Ba4 25. Qe3 Qd7 26. Rc1 Nd5 27. Qd2 Rac8 28. Bd3 Rxc1+ 29. Nxc1 Rc8 30. Ne2 Bb5 31. Bxb5 Qxb5 32. Nfd4 Qe8 33. h3 Qf7 34. Qd3 f4 35. Bh2 f3 36. Nxf3 1-0

[Event "Lueneburg op-A"]
[Site "Lueneburg"]
[Date "2019.08.08"]
[Round "6"]
[White "Fabregas, Oliver"]
[Black "Chmielewski, Axel"]
[Result "1/2-1/2"]
[WhiteElo "1956"]
[BlackElo "1811"]
[PlyCount "108"]
[EventDate "2019.08.03"]
[EventType "swiss"]
[EventRounds "9"]
[EventCountry "GER"]
[SourceTitle "CBM 191 Extra"]
[Source "ChessBase"]
[SourceDate "2019.09.30"]
[SourceVersion "1"]
[SourceVersionDate "2019.09.30"]
[SourceQuality "1"]

1. b3 Nf6 2. Bb2 d5 3. e3 g6 4. c4 e6 5. Nf3 Bg7 6. d4 0-0 7. Bd3 Nbd7 8. 0-0 b6 9. Qe2 Bb7 10. Nbd2 Ne4 11. Rac1 c5 12. Rfd1 Rc8 13. Nf1 Qe7 14. Ne1 Rfd8 15. f3 Nef6 16. cxd5 exd5 17. Nc2 Qe6 18. Nd2 Re8 19. Re1 Bh6 20. f4 Bg7 21. Rf1 Ne4 22. Bxe4 dxe4 23. g4 f5 24. g5 Bd5 25. Rfd1 a6 26. Nb1 b5 27. Nc3 c4 28. b4 Nb6 29. h4 Bb7 30. Kf2 Nd5 31. Nxd5 Bxd5 32. Bc3 Kf7 33. Rh1 Qd6 34. h5 Rb8 35. Rh4 a5 36. a3 a4 37. Rch1 Rh8 38. Ke1 Rbe8 39. Kd2 Ke7 40. R1h2 Qb8 41. Qg2 Kd7 42. Qh1 Kc6 43. Ne1 Kb6 44. Ng2 Bf7 45. hxg6 hxg6 46. Rxh8 Rxh8 47. Rxh8 Qxh8 48. Qxh8 Bxh8 49. Nh4 Kc7 50. d5 Bxc3+ 51. Kxc3 Kd6 52. Kd4 Be8 53. Ng2 Bf7 54. Ne1 Bxd5 1/2-1/2

[Event "Hamburg-ch MB"]
[Site "Hamburg"]
[Date "2019.06.12"]
[Round "5"]
[White "Chmielewski, Axel"]
[Black "Schroeder, Kai Uwe"]
[Result "0-1"]
[WhiteElo "1827"]
[BlackElo "1873"]
[PlyCount "88"]
[EventDate "2019.06.08"]
[EventType "swiss"]
[EventRounds "9"]
[EventCountry "GER"]
[SourceTitle "EXT 2022"]
[Source "ChessBase"]
[SourceDate "2021.10.06"]
[SourceVersion "1"]
[SourceVersionDate "2021.10.06"]
[SourceQuality "1"]

1. d4 e6 2. c4 d5 3. Nf3 dxc4 4. a4 c5 5. e4 cxd4 6. Bxc4 Nc6 7. 0-0 Nge7 8. b4 Ng6 9. b5 Nce5 10. Nxe5 Nxe5 11. Bb3 Bc5 12. Kh1 Qh4 13. f3 0-0 14. Qc2 b6 15. Bd2 Bb7 16. Be1 Qh6 17. Bg3 Qh5 18. Nd2 Rac8 19. Qa2 Kh8 20. Bd1 Nd3 21. f4 Qh6 22. Bf3 Nxf4 23. Nc4 Ng6 24. Rad1 Rfd8 25. Qb3 Qg5 26. Qd3 Qe7 27. Be2 f6 28. Bh5 Nf8 29. Bh4 e5 30. Rf5 Nd7 31. Rdf1 Rf8 32. R5f2 Qe6 33. Qe2 d3 34. Qxd3 Bxf2 35. Bxf2 Rxc4 36. Bg4 Qf7 37. Qxd7 Qxd7 38. Bxd7 Bxe4 39. a5 Rd8 40. Be6 Rb4 41. axb6 axb6 42. Bxb6 Rb8 43. Bc7 R8xb5 44. Bd7 Rb7 0-1

[Event "Hamburg-ch MB"]
[Site "Hamburg"]
[Date "2019.06.11"]
[Round "4"]
[White "Solar, Peter"]
[Black "Chmielewski, Axel"]
[Result "1/2-1/2"]
[WhiteElo "1818"]
[BlackElo "1827"]
[PlyCount "131"]
[EventDate "2019.06.08"]
[EventType "swiss"]
[EventRounds "9"]
[EventCountry "GER"]
[SourceTitle "EXT 2022"]
[Source "ChessBase"]
[SourceDate "2021.10.06"]
[SourceVersion "1"]
[SourceVersionDate "2021.10.06"]
[SourceQuality "1"]

1. e4 e6 2. d4 d5 3. Nd2 dxe4 4. Nxe4 Nd7 5. Nf3 Ngf6 6. Nxf6+ Nxf6 7. Bd3 c5 8. 0-0 cxd4 9. Nxd4 Be7 10. c3 0-0 11. Qe2 Qc7 12. Bg5 a6 13. Rfe1 Re8 14. Rad1 Bd7 15. Bc2 Rad8 16. Qd3 g6 17. Bb3 Ng4 18. Bxe7 Qxh2+ 19. Kf1 Rxe7 20. Qh3 Qf4 21. Nf3 Bb5+ 22. Kg1 Red7 23. Rb1 Bc6 24. Re2 Bxf3 25. gxf3 Ne5 26. Kg2 Rd3 27. Rh1 h5 28. Qg3 Qxg3+ 29. fxg3 Nc6 30. Kf2 Kg7 31. Bc2 R3d6 32. Be4 f5 33. Bxc6 Rxc6 34. Rhe1 Kf6 35. f4 Rd3 36. Re5 Rd2+ 37. R1e2 Rxe2+ 38. Kxe2 g5 39. Re3 g4 40. Rd3 Rc7 41. Rd8 Rh7 42. Rf8+ Ke7 43. Rb8 Kd6 44. Rd8+ Kc6 45. Rc8+ Kb6 46. Re8 Rh6 47. Kd3 Kc7 48. Re7+ Kc6 49. Kd4 h4 50. gxh4 Rxh4 51. Rxe6+ Kd7 52. Rg6 Rh2 53. Ke5 Rxb2 54. Kxf5 Rxa2 55. Rxg4 Rc2 56. Rg3 a5 57. Ke5 a4 58. Rf3 a3 59. Kd4 a2 60. Rf1 Rf2 61. Ra1 Rxf4+ 62. Kd3 Rf2 63. Kc4 Kc6 64. Kb3 Kc5 65. Rxa2 Rxa2 66. Kxa2 1/2-1/2

[Event "Hamburg-ch MB"]
[Site "Hamburg"]
[Date "2019.06.10"]
[Round "3"]
[White "Chmielewski, Axel"]
[Black "Sharma, Rishi"]
[Result "0-1"]
[WhiteElo "1827"]
[BlackElo "1751"]
[PlyCount "72"]
[EventDate "2019.06.08"]
[EventType "swiss"]
[EventRounds "9"]
[EventCountry "GER"]
[SourceTitle "EXT 2022"]
[Source "ChessBase"]
[SourceDate "2021.10.06"]
[SourceVersion "1"]
[SourceVersionDate "2021.10.06"]
[SourceQuality "1"]

1. d4 e6 2. c4 Nf6 3. Nf3 c5 4. d5 b5 5. Bg5 Bb7 6. e4 d6 7. Be2 Be7 8. Nbd2 Nxd5 9. cxd5 Bxg5 10. Bxb5+ Nd7 11. Nc4 Be7 12. 0-0 exd5 13. exd5 0-0 14. Re1 Nb6 15. Ne3 Bf6 16. Qd2 Rb8 17. Rac1 Nxd5 18. Nf5 Ne7 19. Nxe7+ Bxe7 20. Be2 Bxf3 21. Bxf3 Bg5 22. Qc2 Bxc1 23. Rxc1 Re8 24. h3 Qa5 25. a3 Re1+ 26. Rxe1 Qxe1+ 27. Kh2 Qe5+ 28. Kg1 Qxb2 29. Qa4 Qa1+ 30. Kh2 Qe5+ 31. g3 Qd4 32. Qxa7 Qxf2+ 33. Bg2 Qb2 34. Qc7 h6 35. Qxd6 c4 36. h4 c3 0-1

[Event "Hamburg-ch MB"]
[Site "Hamburg"]
[Date "2019.06.08"]
[Round "1"]
[White "Chmielewski, Axel"]
[Black "Lu, Siyuan"]
[Result "1/2-1/2"]
[WhiteElo "1827"]
[BlackElo "1671"]
[PlyCount "106"]
[EventDate "2019.06.08"]
[EventType "swiss"]
[EventRounds "9"]
[EventCountry "GER"]
[SourceTitle "EXT 2022"]
[Source "ChessBase"]
[SourceDate "2021.10.06"]
[SourceVersion "1"]
[SourceVersionDate "2021.10.06"]
[SourceQuality "1"]

1. d4 d5 2. c4 e6 3. Nf3 Nf6 4. Bg5 Be7 5. Nc3 h6 6. Bh4 Nbd7 7. e3 0-0 8. Bd3 c6 9. 0-0 b6 10. cxd5 Nxd5 11. Bg3 Nxc3 12. bxc3 Bb7 13. e4 c5 14. Rc1 Rc8 15. Qe2 Nf6 16. Rfd1 c4 17. Bb1 Ba3 18. e5 Bxc1 19. exf6 Bxf3 20. Qc2 g6 21. Rxc1 Bg4 22. Be5 Bf5 23. Qd2 Kh7 24. Bxf5 exf5 25. Qf4 Re8 26. Rd1 Qd7 27. h4 Re6 28. h5 Rce8 29. hxg6+ fxg6 30. Qd2 Rd8 31. f4 Qd5 32. Qf2 b5 33. Re1 Ra6 34. Re3 Qf7 35. Qb2 Rd5 36. Rh3 Qf8 37. Qf2 Rb6 38. Qf3 Qf7 39. Qe2 a5 40. g4 fxg4 41. Qxg4 Rc6 42. Qh4 Qf8 43. f5 gxf5 44. Rg3 Rd7 45. Kf1 b4 46. d5 Rb6 47. Qxc4 Rxf6 48. Bxf6 Qxf6 49. Qc8 Rg7 50. Rxg7+ Kxg7 51. Qc7+ Kg6 52. Qg3+ Kf7 53. Qc7+ Kg6 1/2-1/2

[Event "Hamburg HSK Christmas op 4th"]
[Site "Hamburg"]
[Date "2018.12.28"]
[Round "4"]
[White "Chmielewski, Axel"]
[Black "Grabbel, Torben Frederik"]
[Result "0-1"]
[WhiteElo "1854"]
[BlackElo "1469"]
[PlyCount "86"]
[EventDate "2018.12.27"]
[EventType "swiss"]
[EventRounds "7"]
[EventCountry "GER"]
[SourceTitle "CBM 188 Extra"]
[Source "ChessBase"]
[SourceDate "2019.02.26"]
[SourceVersion "1"]
[SourceVersionDate "2019.02.26"]
[SourceQuality "1"]

1. d4 d5 2. c4 e6 3. Nc3 Nf6 4. Bf4 Bd6 5. Bg5 c6 6. Nf3 Nbd7 7. e3 0-0 8. Bd3 dxc4 9. Bxc4 b5 10. Bd3 a6 11. 0-0 c5 12. Ne4 Be7 13. Nxc5 Nxc5 14. dxc5 h6 15. Bxf6 Bxf6 16. Qe2 Bxb2 17. Rad1 Qf6 18. Be4 Ra7 19. Rd3 b4 20. Rfd1 a5 21. Nd4 Qh4 22. Bc6 Bc3 23. Nb5 Ra6 24. Qf3 Be5 25. h3 Qc4 26. Nd6 Bxd6 27. cxd6 Qxc6 28. Qxc6 Rxc6 29. d7 Bxd7 30. Rxd7 Rc2 31. R1d2 Rfc8 32. Kf1 Rxd2 33. Rxd2 Rc7 34. Ke2 Kf8 35. e4 Ke7 36. e5 g5 37. g3 Rc5 38. f4 gxf4 39. gxf4 Rc3 40. Rd3 Rxd3 41. Kxd3 Kd7 42. Kd4 Kc6 43. Kc4 Kb6 0-1

[Event "MVP-ch Seniors op 18th"]
[Site "Ostseebad Binz"]
[Date "2018.12.01"]
[Round "4"]
[White "Baumbach, Friedrich"]
[Black "Chmielewski, Axel"]
[Result "1-0"]
[WhiteElo "2101"]
[BlackElo "1854"]
[PlyCount "49"]
[EventDate "2018.11.28"]
[EventType "swiss"]
[EventRounds "9"]
[EventCountry "GER"]
[SourceTitle "CBM 188 Extra"]
[Source "ChessBase"]
[SourceDate "2019.02.26"]
[SourceVersion "1"]
[SourceVersionDate "2019.02.26"]
[SourceQuality "1"]

1. d4 Nf6 2. c4 e6 3. Nf3 b6 4. g3 Bb7 5. Bg2 Bb4+ 6. Nbd2 0-0 7. 0-0 Re8 8. Qc2 d5 9. Ne5 c5 10. Ndf3 cxd4 11. Rd1 Bd6 12. Rxd4 Nc6 13. Nxc6 Bxc6 14. cxd5 e5 15. Rd1 Bxd5 16. Bg5 Bb7 17. Rd2 Qe7 18. Nh4 Bc5 19. Nf5 Bxf2+ 20. Kxf2 Ng4+ 21. Kg1 Qxg5 22. Bxb7 Rad8 23. Rxd8 Rxd8 24. h4 Qf6 25. Bf3 1-0

[Event "MVP-ch Seniors op 18th"]
[Site "Ostseebad Binz"]
[Date "2018.11.29"]
[Round "2"]
[White "Scholz, Jutta"]
[Black "Chmielewski, Axel"]
[Result "1/2-1/2"]
[WhiteElo "1636"]
[BlackElo "1854"]
[PlyCount "43"]
[EventDate "2018.11.28"]
[EventType "swiss"]
[EventRounds "9"]
[EventCountry "GER"]
[SourceTitle "CBM 188 Extra"]
[Source "ChessBase"]
[SourceDate "2019.02.26"]
[SourceVersion "1"]
[SourceVersionDate "2019.02.26"]
[SourceQuality "1"]

1. e4 e6 2. d4 d5 3. exd5 exd5 4. Bd3 Nf6 5. h3 Bd6 6. Nf3 0-0 7. 0-0 h6 8. Nc3 a6 9. a3 c5 10. dxc5 Bxc5 11. b4 Ba7 12. Bd2 Nc6 13. Re1 Be6 14. Qc1 Nd4 15. Ne5 Bf5 16. Bxf5 Nxf5 17. Nf3 Qb6 18. Nd1 Rfe8 19. Ne3 Nd6 20. Bc3 Nb5 21. Bxf6 gxf6 22. Ng4 1/2-1/2

[Event "Hamburg-ch Seniors 50+"]
[Site "Hamburg"]
[Date "2018.10.27"]
[Round "5"]
[White "Raedisch, Peter"]
[Black "Chmielewski, Axel"]
[Result "0-1"]
[WhiteElo "1659"]
[BlackElo "1835"]
[PlyCount "150"]
[EventDate "2018.10.23"]
[EventType "swiss"]
[EventRounds "7"]
[EventCountry "GER"]
[SourceTitle "CBM 190 Extra"]
[Source "ChessBase"]
[SourceDate "2019.07.15"]
[SourceVersion "1"]
[SourceVersionDate "2019.07.15"]
[SourceQuality "1"]

1. e4 e6 2. d4 d5 3. exd5 exd5 4. Nf3 Nf6 5. Be2 Bd6 6. Nbd2 0-0 7. 0-0 h6 8. Ne5 c5 9. c3 Bf5 10. f4 Nc6 11. Ndf3 Ne4 12. Be3 c4 13. Nxc6 bxc6 14. Ne5 Qc7 15. Bg4 Bh7 16. Bh3 Nf6 17. Qf3 Rab8 18. Bc1 Be4 19. Qg3 c5 20. Ng4 Nxg4 21. Qxg4 f5 22. Qh5 cxd4 23. cxd4 Qb6 24. Qd1 Be7 25. Rf2 Bf6 26. Be3 Bd3 27. Qf3 Be4 28. Qd1 Rfe8 29. Rd2 Qa5 30. Qc1 Rec8 31. Qc3 Qa6 32. Kf2 Rb6 33. g3 Rcb8 34. Bf1 Qb7 35. b3 cxb3 36. axb3 Rxb3 37. Qa5 Rb2 38. Rad1 Be7 39. Qa6 Qc7 40. Bg2 R8b6 41. Qe2 Qc3 42. Bxe4 fxe4 43. Rxb2 Rxb2 44. Rd2 Rxd2 45. Qxd2 Bb4 46. Qxc3 Bxc3 47. Ke2 Kf7 48. Kd1 Ke6 49. Kc2 Ba5 50. g4 g6 51. Kb3 h5 52. h3 hxg4 53. hxg4 Kd6 54. Ka4 Bb6 55. Kb5 Bc7 56. f5 gxf5 57. gxf5 a5 58. Bf2 Ke7 59. Bh4+ Kf7 60. Bg5 Bg3 61. Be3 Be1 62. Kc5 a4 63. Kxd5 a3 64. Bc1 a2 65. Bb2 e3 66. Ke4 e2 67. Kd3 Bc3 68. Bxc3 a1Q 69. Bxa1 e1Q 70. Bc3 Qf2 71. Bb4 Qxf5+ 72. Kc4 Qc2+ 73. Bc3 Ke6 74. Kb4 Kd5 75. Ba1 Qb1+ 0-1

[Event "GER-ch Seniors 50"]
[Site "Hamburg"]
[Date "2018.07.21"]
[Round "1"]
[White "Namyslo, Holger"]
[Black "Chmielewski, Axel"]
[Result "1-0"]
[WhiteElo "2255"]
[BlackElo "1846"]
[PlyCount "47"]
[EventDate "2018.07.21"]
[EventType "swiss"]
[EventRounds "9"]
[EventCountry "GER"]
[SourceTitle "CBM 186 Extra"]
[Source "ChessBase"]
[SourceDate "2018.08.24"]
[SourceVersion "1"]
[SourceVersionDate "2018.08.24"]
[SourceQuality "1"]

1. e4 e6 2. d4 d5 3. Nc3 Nf6 4. Bg5 Be7 5. e5 Nfd7 6. h4 a6 7. Qg4 0-0 8. Bh6 g6 9. Bxf8 Bxf8 10. h5 f5 11. exf6 Nxf6 12. Qg5 Bg7 13. Bd3 Nc6 14. hxg6 h6 15. Qf4 Qe7 16. Nf3 b5 17. 0-0-0 Nd8 18. g4 c5 19. dxc5 Qxc5 20. g5 hxg5 21. Nxg5 e5 22. Qxe5 Nc6 23. Qc7 Nd7 24. Ne6 1-0

[Event "Hamburg-ch MB"]
[Site "Hamburg"]
[Date "2018.05.24"]
[Round "6"]
[White "Chmielewski, Axel"]
[Black "Christensen, Andreas"]
[Result "1/2-1/2"]
[WhiteElo "1828"]
[BlackElo "1808"]
[PlyCount "129"]
[EventDate "2018.05.19"]
[EventType "swiss"]
[EventRounds "9"]
[EventCountry "GER"]
[SourceTitle "EXT 2020"]
[Source "ChessBase"]
[SourceDate "2019.10.17"]
[SourceVersion "1"]
[SourceVersionDate "2019.10.17"]
[SourceQuality "1"]

1. d4 Nf6 2. Nf3 g6 3. c4 Bg7 4. g3 0-0 5. Bg2 d6 6. 0-0 Nbd7 7. Nc3 c6 8. h3 e5 9. e4 Qc7 10. Be3 h6 11. Rc1 Kh7 12. b4 Nb6 13. Qe2 Ng8 14. d5 f5 15. c5 fxe4 16. cxb6 exf3 17. Bxf3 Qf7 18. Bg2 axb6 19. dxc6 bxc6 20. Bxc6 Bb7 21. b5 Bxc6 22. bxc6 d5 23. Bxb6 d4 24. Ne4 Rxa2 25. Rc2 Rxc2 26. Qxc2 Qe6 27. Kh2 Rc8 28. Rc1 Ne7 29. Qc4 Qxc4 30. Rxc4 Rxc6 31. Rxc6 Nxc6 32. Bc5 Kg8 33. Kg2 Kf7 34. Kf3 Ke6 35. Ke2 Kd5 36. Kd3 Na5 37. f3 Nc4 38. h4 Na5 39. g4 Nc4 40. Be7 Nb6 41. Bc5 Nd7 42. Ba3 Bf6 43. g5 hxg5 44. hxg5 Bd8 45. Bb4 Kc6 46. Ba3 Nb6 47. Bf8 Nd5 48. Bg7 Nf4+ 49. Kc4 Bc7 50. Nf2 Kd6 51. Ng4 Ke6 52. Bf6 Bd6 53. Nf2 Ng2 54. Ne4 Ba3 55. Ng3 Bc1 56. Kd3 Nh4 57. Ke4 Bf4 58. Ne2 Bh2 59. f4 d3 60. Kxd3 exf4 61. Ke4 Ng2 62. Nd4+ Kf7 63. Nf3 Bg3 64. Ne5+ Kg8 65. Nxg6 1/2-1/2

[Event "Hamburg-ch MB"]
[Site "Hamburg"]
[Date "2018.05.23"]
[Round "5"]
[White "Chmielewski, Axel"]
[Black "Herlan, Klaus Juergen"]
[Result "0-1"]
[WhiteElo "1828"]
[BlackElo "1966"]
[PlyCount "118"]
[EventDate "2018.05.19"]
[EventType "swiss"]
[EventRounds "9"]
[EventCountry "GER"]
[SourceTitle "EXT 2020"]
[Source "ChessBase"]
[SourceDate "2019.10.17"]
[SourceVersion "1"]
[SourceVersionDate "2019.10.17"]
[SourceQuality "1"]

1. d4 d5 2. c4 c6 3. Nf3 Nf6 4. Qc2 g6 5. Bf4 Bg7 6. e3 Bf5 7. Bd3 Bxd3 8. Qxd3 dxc4 9. Qxc4 Nbd7 10. Nc3 0-0 11. 0-0 Nb6 12. Qe2 Nh5 13. Bg5 h6 14. Bh4 Qe8 15. Rfd1 Rd8 16. Rac1 f5 17. g4 fxg4 18. Ne5 g5 19. Bg3 Nxg3 20. hxg3 h5 21. Ne4 Bxe5 22. dxe5 Rf5 23. Rxd8 Qxd8 24. Rd1 Qc8 25. Qd3 Kg7 26. Qd4 Qe6 27. Nc5 Qxe5 28. Qxe5+ Rxe5 29. Nxb7 Rb5 30. b3 Nc4 31. Nd8 Ne5 32. Ne6+ Kf6 33. Nd4 Rd5 34. Rc1 c5 35. Nb5 Rd7 36. Nc3 Nf3+ 37. Kg2 Ke5 38. Rh1 Rd2 39. Rxh5 Rc2 40. Nd1 Rxa2 41. Rh1 Ra3 42. e4 Rxb3 43. Ne3 Kxe4 44. Rc1 Rb5 45. Rc4+ Nd4 46. Nxg4 Kd5 47. Ra4 a5 48. Ne3+ Kc6 49. Kh3 Nb3 50. Re4 Rb7 51. Nc2 Kd5 52. Rg4 Nd4 53. Ne3+ Kc6 54. Rxg5 a4 55. Nc4 Kb5 56. Nd2 a3 57. Ne4 Rc7 58. Rg8 Ra7 59. Rb8+ Kc4 0-1

[Event "Hamburg-ch MB"]
[Site "Hamburg"]
[Date "2018.05.21"]
[Round "3"]
[White "Chmielewski, Axel"]
[Black "Schmuck, Martin"]
[Result "1/2-1/2"]
[WhiteElo "1828"]
[BlackElo "1881"]
[PlyCount "153"]
[EventDate "2018.05.19"]
[EventType "swiss"]
[EventRounds "9"]
[EventCountry "GER"]
[SourceTitle "EXT 2020"]
[Source "ChessBase"]
[SourceDate "2019.10.17"]
[SourceVersion "1"]
[SourceVersionDate "2019.10.17"]
[SourceQuality "1"]

1. d4 d5 2. c4 e6 3. Nc3 Nf6 4. Bg5 Nbd7 5. e3 Be7 6. Nf3 0-0 7. Bd3 h6 8. Bf4 c6 9. h3 dxc4 10. Bxc4 Nb6 11. Bd3 Nbd5 12. Bh2 Qa5 13. 0-0 Nxc3 14. Qd2 Bb4 15. a3 Ncd5 16. axb4 Qxb4 17. Qe2 Nb6 18. e4 Rd8 19. e5 Nh7 20. Qe4 Nf8 21. Qh4 Rd7 22. Rfd1 Qe7 23. Qg4 Nd5 24. Nd2 Qg5 25. Qe4 f5 26. exf6 Nxf6 27. Qe5 Qxe5 28. Bxe5 b5 29. Rdc1 Bb7 30. Nb3 Rd5 31. Nc5 Bc8 32. Nb3 N8d7 33. Bxf6 Nxf6 34. Rxc6 e5 35. Rxf6 gxf6 36. Be4 Bb7 37. Na5 Rxd4 38. Bxb7 Rad8 39. Bf3 Rd2 40. b4 Rb2 41. Nc6 Rd7 42. Ra5 Kf7 43. Rxb5 Rb1+ 44. Kh2 Ra1 45. Rc5 Rd2 46. Kg3 Ra3 47. Ra5 Rxa5 48. Nxa5 Rd3 49. Kh2 Ra3 50. Nc4 Ra4 51. b5 Ke6 52. Ne3 e4 53. Bg4+ Ke5 54. Bd7 Ra2 55. Ng4+ Kf4 56. Nxf6 Rxf2 57. Nd5+ Ke5 58. Bc6 Rd2 59. Nc3 e3 60. Bf3 Kd4 61. Ne2+ Kd3 62. Nf4+ Kc4 63. Be2+ Rxe2 64. Nxe2 Kxb5 65. Kg1 Kc4 66. Kf1 a5 67. g4 Kd5 68. Ke1 Ke5 69. Kd1 Kf6 70. h4 Ke5 71. Kc2 Ke4 72. Kc3 Kf3 73. Kd3 Kxg4 74. Kxe3 Kxh4 75. Kf4 a4 76. Nc3 a3 77. Na2 1/2-1/2